English unlimited: Advanced Teacher's Pack. C1

Gardado en:
Detalles Bibliográficos
Main Authors: Doff, Adrian (Author), Stirling, Johanna (Author), Ackroyd, Sarah (Author)
Formato: Libro
Idioma:inglés
Publicado: Cambridge University Press 2011
Edición:1a. ed
Subjects:
Tags: Engadir etiqueta
Sen Etiquetas, Sexa o primeiro en etiquetar este rexistro!

MARC

LEADER 00000cam a2200000 a 4500
001 UCG8366
003 CL-VaPUC
008 111202e20110000UK |||||||||||||||||eng|d
020 |a 9780521175593 
082 0 4 |a 428  |b DOF  |2 21 
100 0 |a Doff, Adrian  |e author  |9 559372 
700 0 |a Stirling, Johanna  |e author  |9 559373 
700 0 |a Ackroyd, Sarah  |e author  |9 559374 
245 1 0 |a English unlimited: Advanced Teacher's Pack. C1 
250 |a 1a. ed 
300 |a 125 p 
942 |c BK 
945 |d 20111202 00:00:00  |a dcastane 
260 |b Cambridge University Press  |c 2011 
500 |a Incluye DVD con material complementario 
650 0 |a Educación lingüística  |9 306506 
650 0 |a Enseñanza del inglés  |9 367340 
650 0 |a Inglés  |9 260023 
650 0 |a Métodos de enseñanza  |9 270413 
583 |a last modification  |c 20111202 14:14:00  |k Rodrigo Vera 
999 |c 345978  |d 345976 
952 |0 0  |1 0  |4 0  |6 428_000000000000000_DOF_2011  |7 0  |8 ?  |9 446385  |a FDOILP  |b FDOILP  |d 2019-11-22  |i 4811968  |o 428 DOF 2011  |p 4811968  |r 2019-11-22  |w 2019-11-22  |y BK  |k ILP